000 01562nam0a22003491 4500
001 v19\rc\1853971
005 20260406083422.0
035 _a(NLR Aleph) 004986612
090 _a6241243
_c6241243
100 _a20080221d1909 u y0rusy50 ca
101 1 _arus
_cfre
102 _aRU
105 _ay z |||a|
200 1 _aПохождения Арсена Люпена
_eПьеса в 4 д. Франсиса де Краусе [!] и Мориса Леблан
_fПер. Эк
210 _aМосква
_cТеатр. б-ка М.А. Соколовой
_d1909
215 _a61 с.
_d26
300 _aНа 1 с. текста в подзаг.: Пьеса в 4 д. Франсиса де Круасэ и Мориса Леблан
300 _aПер. также под загл.: Приключения Арсена Люпена
309 _aНапеч. на пиш. маш. Литогр.
451 0 _12001#$aПриключения Арсена Люпена
_tПриключения Арсена Люпена
700 1 _7ca
_8rus
_aКруассе
_bФ. де
_f1877-1937
_gФрансис де
_3RU\NLR\AUTH\7777015
_959943
701 1 _7ca
_8rus
_aЛеблан
_bМ.
_cписатель
_f1864-1941
_gМорис
_3RU\NLR\AUTH\7750011
_932946
702 1 _4730
_8rus
_7ca
_aЭк
_bЕ.
_f1865-1935
_gЕкатерина
_3RU\NLR\AUTH\777232
_9117171
801 0 _aRU
_bNLR
_gpsbo
801 0 _aRU
_bRuMoRGB
_2psbo
801 1 _aRU
_bProSoft-M
_2rusmarc
852 _aNLR
_j34.87.3.6
899 _aRuMoRGB
_jV 15/652
899 _aБАН
942 _cBOOK
980 _aNB